Akhtar dy bol / (Record no. 525400)

000 -LEADER
fixed length control field 00514nam a22001937a 4500
003 - CONTROL NUMBER IDENTIFIER
control field NUST
005 - DATE AND TIME OF LATEST TRANSACTION
control field 20190702052014.0
008 - FIXED-LENGTH DATA ELEMENTS--GENERAL INFORMATION
fixed length control field 190702b ||||| |||| 00| 0 eng d
038 ## - RECORD CONTENT LICENSOR
Staff Name Waseem
082 ## - DEWEY DECIMAL CLASSIFICATION NUMBER
Classification number 891.4911
Author Mark LAH
100 ## - MAIN ENTRY--PERSONAL NAME
Personal name Lahore, Akhtar
9 (RLIN) 16259
245 ## - TITLE STATEMENT
Title Akhtar dy bol /
Statement of responsibility, etc. Akhtar Lahore
260 ## - PUBLICATION, DISTRIBUTION, ETC.
Place of publication, distribution, etc. Lahore :
Name of publisher, distributor, etc. Taj book depo,
Date of publication, distribution, etc. S.L
300 ## - PHYSICAL DESCRIPTION
Extent 119 P. ;
500 ## - GENERAL NOTE
General note Paperback.
880 ## - ALTERNATE GRAPHIC REPRESENTATION
Linkage 100-01\r
Title اختر لاہوری
880 ## - ALTERNATE GRAPHIC REPRESENTATION
Linkage 245-02\r
Title اختر دے بول /
942 ## - ADDED ENTRY ELEMENTS (KOHA)
Source of classification or shelving scheme
Koha item type Book
Holdings
Withdrawn status Lost status Source of classification or shelving scheme Damaged status Not for loan Permanent Location Current Location Date acquired Total Checkouts Full call number Barcode Date last seen Price effective from Koha item type
          Central Library (CL) Central Library (CL) 07/02/2019   891.4911 LAH CL-E-18 07/02/2019 07/02/2019 Book
© 2023 Central Library, National University of Sciences and Technology. All Rights Reserved.